000 00344nam a2200133Ia 4500
008 191201s2006 xx 000 0 und d
082 _a006.33
_bTAA
100 _aTALWAR, I M
245 0 _aIntroduction to Artificial Intelligence
260 _aN.Delhi
_bDhanpat Rai Pub (P) Ltd
_c2006
300 _a618
650 _aB.Tech(IT)
942 _2ddc
_cBK
999 _c3030
_d3030